000 00442nam a2200157Ia 4500
008 210716s2014 xx 000 0 und d
020 _a9788183714570
041 _aeng
082 _a621.3821 PATP
100 _aPatra, Prashanta Kumar;Dash, Sanjit Kumar.
245 _aMobile computing.
250 _a2
260 _aNew Delhi
_bScitech Publications Pvt Ltd.
_c2014
300 _a22.15;A29;I10
650 _aCommunication Network(621.3821)
999 _c194587
_d194587